000 00933nac a22002777a 4500
001 BR7502425
003 BR-BrBNA
005 20240105113841.0
008 230509b bl.|||m| |||| 00| 0 por d
040 _aBR-BrBNA
_bpor
_cBiblioteca Nacional de Agricultura
072 _aM00; M10
090 _a8100 BR7502425
110 1 _aSuperintendencia do Desenvolvimento da Pesca, Rio de Janeiro, RJ (Brasil)
_910084
245 1 _aEstatistica da pesca, Producao 1972 [Peixe; Crustaceo; Estatistica de producao; Brasil]
260 3 _aRio de Janeiro, RJ (Brasil):
_c1975.
300 _a19 p.
490 _aEstatistica da Pesca - Superintendencia do Desenvolvimento da Pesca (Brazil)
_v
_x
500 _aNumerical data
650 _aProducao Pesqueira
650 _aPesca
650 _aPeixe
650 _aCrustaceo
650 _aEstatistica de Producao
909 _a202312
_bLúcia Elande
_c55
_dLúcia Elande
942 _2AGRIS
_n0
_cMS
999 _c265940
_d265940